00976nam a22001577a 4500003000900000005001700009008004100026040001300067100003700080245006100117250001100178260008100189300001800270490007200288520045800360IT-RoPau20220918181105.0130507b xxu||||| |||| 00| 0 eng d cIT-RoPau aCentro di spiritualità paolina a"Camminiamo anche noi in novità di vita"b(Rom. VI,4). a1° ed aAriccia (Roma)bCentro di spiritualità paolina - Casa Divino Maestroc1978 a20 pp.c22 cm a"Camminiamo anche noi in novità di vita"vn° 30 - Settembre 1978 aSommario Circa l'iniziativa spirituale della Casa Divino Maestro I. Corso di Natale: 16 - 25 dicembre 1978 II. - III. - VIII. - Tre corsi sulla preghiera della vita IV. - Corso di Pasqua: 6 - 15 aprile 1979 V. - Corso mariano : 1 - 10 maggio 1979 VI. - Corso di Pentecoste: 25 maggio - 3 giugno 1979 VII. - Corso su San Paolo: 21 - 30 giugno 1979 IX. - Corso su Gesù Maestro: 23 novembre - 2 dicembre 1979 X. - Corso di Natale: 16 - 25 dicembre 1979